[Event "ITT Vicente Lopez"]
[Site "Villa Martelli"]
[Date "2006.07.28"]
[Round "5"]
[White "Real de Azua, Ernesto"]
[Black "Ripari, Marcelo"]
[Result "1/2-1/2"]
[WhiteElo "2378"]
[BlackElo "2341"]
[PlyCount "124"]
[EventDate "2006.07.24"]
[EventType "tourn"]
[EventRounds "11"]
[EventCountry "ARG"]

1. e4 c5 2. Nf3 e6 3. d4 cxd4 4. Nxd4 Nf6 5. Nc3 Nc6 6. Nxc6 bxc6 7. e5 Nd5 8.
Ne4 Bb7 9. c4 Nb4 10. c5 Qb8 11. Nd6+ Bxd6 12. cxd6 a5 13. a3 Nd5 14. Qg4 Kf8
15. h4 h5 16. Qd4 Ba6 17. Rh3 Bxf1 18. Kxf1 g6 19. b3 Qb5+ 20. Kg1 Kg7 21. Bd2
Qe2 22. Re1 Qg4 23. Qe4 Rhb8 24. Qxg4 hxg4 25. Rg3 a4 26. b4 Rb5 27. Rxg4 Rh8
28. g3 Rh5 29. Bg5 f6 30. exf6+ Nxf6 31. Rc4 Rd5 32. Rc5 Rxd6 33. Ra5 Nh7 34.
Bf4 Rd3 35. Rxa4 Kf6 36. Kg2 g5 37. hxg5+ Nxg5 38. Ra5 Nf3 39. Rxe6+ Kxe6 40.
Rxh5 Rxa3 41. b5 cxb5 42. Rxb5 d5 43. Bc1 Rd3 44. Be3 Ne1+ 45. Kf1 Nc2 46. Ke2
Rc3 47. Rb6+ Kf5 48. Rd6 Nxe3 49. fxe3 Ke5 50. Rd8 Rc2+ 51. Kd3 Ra2 52. Re8+
Kd6 53. g4 Rg2 54. Rg8 Ke5 55. g5 Kf5 56. g6 Kf6 57. Rd8 Ke5 58. Rg8 Kf6 59.
Kd4 Rd2+ 60. Kc3 Rg2 61. Ra8 Ke5 62. Rg8 Kf6 1/2-1/2

[Event "ITT Vicente Lopez"]
[Site "Villa Martelli"]
[Date "2006.07.28"]
[Round "5"]
[White "Scarella, Enrique Alejandro"]
[Black "Shcherbine, Andrei"]
[Result "1-0"]
[WhiteElo "2348"]
[BlackElo "2261"]
[PlyCount "79"]
[EventDate "2006.07.24"]
[EventType "tourn"]
[EventRounds "11"]
[EventCountry "ARG"]

1. c4 e5 2. Nc3 Nf6 3. g3 d5 4. cxd5 Nxd5 5. Bg2 Be6 6. Nf3 Nc6 7. O-O Be7 8.
d4 Nxc3 9. bxc3 e4 10. Nd2 f5 11. e3 O-O 12. Rb1 Na5 13. Qa4 c6 14. c4 b6 15.
Qc2 Rc8 16. Rd1 Qe8 17. Bb2 Qf7 18. Rbc1 Bb4 19. Bf1 Bxd2 20. Rxd2 b5 21. cxb5
cxb5 22. Qd1 Rxc1 23. Bxc1 Bc4 24. Ba3 Rd8 25. Bb4 Nc6 26. Bxc4 bxc4 27. Qa4
Qd5 28. Rc2 Ne5 29. dxe5 Qd1+ 30. Be1 Qxe1+ 31. Kg2 Qd1 32. Qxc4+ Kf8 33. h3 g5
34. Qb4+ Kg8 35. Qe7 g4 36. Qg5+ Kh8 37. Qf6+ Kg8 38. Qg5+ Kh8 39. hxg4 fxg4
40. e6 1-0

[Event "ITT Vicente Lopez"]
[Site "Villa Martelli"]
[Date "2006.07.29"]
[Round "6"]
[White "Della Morte, German"]
[Black "Granara Barreto, Sebastian A"]
[Result "1-0"]
[WhiteElo "2275"]
[BlackElo "2273"]
[PlyCount "67"]
[EventDate "2006.07.24"]
[EventType "tourn"]
[EventRounds "11"]
[EventCountry "ARG"]

1. e4 c5 2. Nf3 e6 3. d4 cxd4 4. Nxd4 a6 5. Bd3 Bc5 6. Nb3 Be7 7. Be3 d6 8.
N1d2 Nf6 9. f4 Nbd7 10. Qf3 Qc7 11. g4 g6 12. O-O-O b5 13. Rhf1 Bb7 14. g5 Nh5
15. Qh3 Rc8 16. Kb1 Nc5 17. Nxc5 dxc5 18. c4 Rd8 19. Be2 bxc4 20. Bxc4 O-O 21.
Ka1 Bc6 22. Rc1 Bb5 23. Rc3 Bxc4 24. Nxc4 Rfe8 25. Ne5 Bd6 26. Ng4 Bxf4 27.
Bxf4 Qxf4 28. Nh6+ Kg7 29. Rcf3 Qd6 30. Rxf7+ Kh8 31. a3 Qe5 32. Ra7 Nf4 33.
Nf7+ Kg8 34. Qxh7+ 1-0

[Event "ITT Vicente Lopez"]
[Site "Villa Martelli"]
[Date "2006.07.29"]
[Round "6"]
[White "Needleman, Alejandro"]
[Black "De Dovitiis, Alejo"]
[Result "1-0"]
[WhiteElo "2378"]
[BlackElo "2371"]
[PlyCount "111"]
[EventDate "2006.07.24"]
[EventType "tourn"]
[EventRounds "11"]
[EventCountry "ARG"]

1. d4 Nf6 2. Nf3 c5 3. c4 cxd4 4. Nxd4 b6 5. Nc3 Bb7 6. Bg5 e6 7. e4 d6 8. Bd3
Be7 9. O-O Nc6 10. Nxc6 Bxc6 11. Qe2 O-O 12. Rad1 Nd7 13. Bf4 Re8 14. Bc2 Qb8
15. Rd3 a6 16. Rh3 g6 17. Qd2 b5 18. cxb5 axb5 19. b4 Bf8 20. Bb3 Nf6 21. Bh6
Be7 22. Qf4 d5 23. e5 Nd7 24. Re1 f6 25. Qh4 fxe5 26. Bg5 Bxg5 27. Qxh7+ Kf8
28. Qxg6 Bf6 29. Ne4 dxe4 30. Rd1 Bd5 31. Rxd5 exd5 32. Rh7 Re7 33. Bxd5 Rxh7
34. Qxh7 Ke8 35. Qf7+ Kd8 36. Bxa8 Qd6 37. h3 e3 38. fxe3 Be7 39. a3 Qd3 40.
Qf3 Qxa3 41. Bc6 Qxb4 42. Qd5 Bd6 43. Bxb5 Qe1+ 44. Kh2 Ke7 45. g3 Qf2+ 46. Qg2
Qxe3 47. Qb7 Qd2+ 48. Kh1 Bc5 49. h4 Qe1+ 50. Kg2 Qf2+ 51. Kh3 Qf5+ 52. g4 Qe6
53. h5 Be3 54. Kh4 Bg5+ 55. Kh3 Bf4 56. Kh4 1-0

[Event "ITT Vicente Lopez"]
[Site "Villa Martelli"]
[Date "2006.07.29"]
[Round "6"]
[White "Prates, Fabiano"]
[Black "Scarella, Enrique Alejandro"]
[Result "1/2-1/2"]
[WhiteElo "2274"]
[BlackElo "2348"]
[PlyCount "118"]
[EventDate "2006.07.24"]
[EventType "tourn"]
[EventRounds "11"]
[EventCountry "ARG"]

1. e4 e5 2. Nf3 d6 3. d4 Nf6 4. Nc3 Nbd7 5. Bc4 Be7 6. O-O O-O 7. a4 c6 8. Qe2
Qc7 9. h3 b6 10. Rd1 a6 11. d5 c5 12. Nh4 g6 13. Bh6 Re8 14. g4 Bf8 15. Be3 Bg7
16. Qd2 Rf8 17. Kh2 Qd8 18. Ng2 Ne8 19. Bd3 Nc7 20. f3 Rb8 21. Qe2 Nf6 22. Rab1
Nfe8 23. b4 Ra8 24. Rb3 f5 25. Rdb1 Bd7 26. Bd2 fxg4 27. fxg4 Qc8 28. Ne3 b5
29. axb5 axb5 30. bxc5 dxc5 31. Nxb5 Nxb5 32. Bxb5 Bxb5 33. Rxb5 Nd6 34. R5b3
Nxe4 35. Be1 Qd8 36. c4 Qf6 37. Ng2 Ng5 38. Nh4 e4 39. Bg3 Qd4 40. Re3 Ra2 41.
Qxa2 Qxe3 42. Re1 Qc3 43. Qe2 Be5 44. Rg1 Rb8 45. Rg2 Rb3 46. Qf2 Nf3+ 47. Nxf3
exf3 48. Bxe5 Qxe5+ 49. Qg3 Qd4 50. Rf2 Rb2 51. Rxb2 Qxb2+ 52. Kg1 Qd4+ 53. Kh2
f2 54. Kg2 Qxc4 55. Qb8+ Kg7 56. Qe5+ Kg8 57. Kxf2 Qc2+ 58. Kg3 Qd3+ 59. Kh4 h6
1/2-1/2

[Event "ITT Vicente Lopez"]
[Site "Villa Martelli"]
[Date "2006.07.29"]
[Round "6"]
[White "Ripari, Marcelo"]
[Black "Cubas, Jose Fernando"]
[Result "1-0"]
[WhiteElo "2341"]
[BlackElo "2421"]
[PlyCount "119"]
[EventDate "2006.07.24"]
[EventType "tourn"]
[EventRounds "11"]
[EventCountry "ARG"]

1. e4 g6 2. d4 Bg7 3. Nc3 c6 4. f4 b5 5. Nf3 b4 6. Nb1 Ba6 7. Bxa6 Nxa6 8. O-O
Nf6 9. a3 Qa5 10. Nbd2 O-O 11. Nb3 Qb6 12. axb4 Nxb4 13. e5 Ne4 14. Qe2 f5 15.
c3 Nd5 16. Na5 Rab8 17. Nc4 Qc7 18. Nfd2 Nxd2 19. Bxd2 c5 20. Ra5 d6 21. exd6
exd6 22. Qe6+ Qf7 23. Qxf7+ Rxf7 24. dxc5 dxc5 25. Rxc5 Nf6 26. Bc1 Ne4 27. Rd5
Rc7 28. Ne5 Bf8 29. Rfd1 Nc5 30. Nd7 Rxd7 31. Rxd7 Nxd7 32. Rxd7 a5 33. Kf2 a4
34. Ke2 a3 35. bxa3 Rb3 36. Kd3 h5 37. Kc2 Rb6 38. a4 Bg7 39. Be3 Re6 40. Bd4
Bh6 41. Be5 Bf8 42. a5 g5 43. Kb3 gxf4 44. Bxf4 Bg7 45. h4 Ra6 46. Rd5 Rf6 47.
Be5 Re6 48. Bxg7 Kxg7 49. Rxf5 Kh6 50. Rg5 Ra6 51. Kb4 Ra8 52. Kb5 Rb8+ 53. Kc6
Rc8+ 54. Kb6 Rxc3 55. a6 Re3 56. Rc5 Rb3+ 57. Rb5 Re3 58. a7 Re6+ 59. Kb7 Re7+
60. Ka6 1-0

[Event "ITT Vicente Lopez"]
[Site "Villa Martelli"]
[Date "2006.07.29"]
[Round "6"]
[White "Shcherbine, Andrei"]
[Black "Real de Azua, Ernesto"]
[Result "1/2-1/2"]
[WhiteElo "2261"]
[BlackElo "2378"]
[PlyCount "102"]
[EventDate "2006.07.24"]
[EventType "tourn"]
[EventRounds "11"]
[EventCountry "ARG"]

1. Nf3 Nf6 2. g3 d5 3. Bg2 c6 4. O-O Bg4 5. b3 Nbd7 6. d4 e6 7. a4 a5 8. Nbd2
Bb4 9. Ba3 Bxa3 10. Rxa3 Qb6 11. Qa1 Bf5 12. c3 h6 13. Rc1 O-O 14. Bf1 Rfe8 15.
e3 Ne4 16. Nxe4 Bxe4 17. Nd2 Bf5 18. b4 axb4 19. a5 Qa7 20. cxb4 Rec8 21. Qb2
Qb8 22. Rca1 e5 23. Nb3 Qd6 24. Nc5 exd4 25. exd4 Ra7 26. Re3 Rca8 27. Qc3 Nxc5
28. Qxc5 Qxc5 29. dxc5 Be6 30. Bd3 Rd8 31. f4 Raa8 32. f5 d4 33. Re5 Rd5 34.
Rae1 Rxe5 35. Rxe5 Bd5 36. Re7 Rb8 37. Rd7 Kf8 38. b5 Ke8 39. Rd6 Rc8 40. b6
Ra8 41. a6 bxa6 42. b7 Rb8 43. Bxa6 Ke7 44. Kf2 h5 45. Ke2 Be4 46. Kd2 Bxf5 47.
Rxd4 Bd7 48. Kc3 Kd8 49. Kb4 Kc7 50. Ka5 Be6 51. Rb4 Bd5 1/2-1/2

[Event "ITT Vicente Lopez"]
[Site "Villa Martelli"]
[Date "2006.07.30"]
[Round "7"]
[White "COMP ZAP!Chess"]
[Black "Ripari, Marcelo"]
[Result "1-0"]
[WhiteElo "2600"]
[BlackElo "2341"]
[PlyCount "67"]
[EventDate "2006.07.24"]
[EventType "tourn"]
[EventRounds "11"]
[EventCountry "ARG"]

1. e4 c5 2. Nf3 e6 3. c4 Nc6 4. Nc3 Nf6 5. d4 cxd4 6. Nxd4 d6 7. Be3 Be7 8.
Nxc6 bxc6 9. Be2 O-O 10. O-O d5 11. exd5 exd5 12. cxd5 Nxd5 13. Nxd5 cxd5 14.
Rc1 Qa5 15. Bd4 Be6 16. Bd3 Rfc8 17. a3 Rxc1 18. Qxc1 Rc8 19. Qe3 Qa4 20. b4 a5
21. f4 Bf8 22. f5 Bd7 23. Qg5 h6 24. Qg3 Kh8 25. f6 g5 26. Bb1 Qb5 27. bxa5 Bc5
28. Bxc5 Qxc5+ 29. Kh1 Qc3 30. Qd6 Be6 31. a6 Qxf6 32. Bd3 Qd4 33. Rxf7 Rc1+
34. Bf1 1-0

[Event "ITT Vicente Lopez"]
[Site "Villa Martelli"]
[Date "2006.07.30"]
[Round "7"]
[White "Cubas, Jose Fernando"]
[Black "Shcherbine, Andrei"]
[Result "0-1"]
[WhiteElo "2421"]
[BlackElo "2261"]
[PlyCount "60"]
[EventDate "2006.07.24"]
[EventType "tourn"]
[EventRounds "11"]
[EventCountry "ARG"]

1. e4 c5 2. Nf3 Nc6 3. d4 cxd4 4. Nxd4 g6 5. Nc3 Bg7 6. Nb3 Nf6 7. g3 d6 8. Bg2
O-O 9. h3 a6 10. O-O e5 11. Bg5 Be6 12. Qd2 Qd7 13. Kh2 Ne8 14. Rfd1 f6 15. Be3
Qf7 16. Nd5 Bxd5 17. exd5 Ne7 18. c4 f5 19. f4 g5 20. fxe5 f4 21. e6 Qh5 22.
Bd4 fxg3+ 23. Kg1 Ng6 24. c5 Bxd4+ 25. Nxd4 Rf2 26. Qe3 Nf4 27. Rd2 Nxg2 28.
Qxg3 Rxd2 29. Nf5 Nf4 30. Ne7+ Kf8 0-1

[Event "ITT Vicente Lopez"]
[Site "Villa Martelli"]
[Date "2006.07.30"]
[Round "7"]
[White "De Dovitiis, Alejo"]
[Black "Della Morte, German"]
[Result "0-1"]
[WhiteElo "2371"]
[BlackElo "2275"]
[PlyCount "80"]
[EventDate "2006.07.24"]
[EventType "tourn"]
[EventRounds "11"]
[EventCountry "ARG"]

1. e4 e5 2. Nc3 Nf6 3. f4 d5 4. fxe5 Nxe4 5. d3 Nxc3 6. bxc3 c5 7. Nf3 d4 8.
Be2 Be7 9. O-O Nc6 10. Qe1 O-O 11. Qg3 f5 12. Bh6 Rf7 13. Ng5 Bxg5 14. Bxg5 Qc7
15. Bh5 Rf8 16. cxd4 Nxd4 17. c3 Ne6 18. Be3 b6 19. d4 Bb7 20. Rad1 Rad8 21.
Qh3 cxd4 22. cxd4 Be4 23. Be2 Kh8 24. Bh5 Kg8 25. Be2 Qc2 26. Bf3 Qc4 27. Bxe4
fxe4 28. Rxf8+ Nxf8 29. Qg4 Qd5 30. h4 Ne6 31. h5 Rf8 32. Rd2 b5 33. Kh2 b4 34.
Qh4 a5 35. h6 g6 36. Rf2 Rxf2 37. Bxf2 Qxa2 38. Qe7 Qd5 39. Bh4 e3 40. Qe8+ Nf8
0-1

[Event "ITT Vicente Lopez"]
[Site "Villa Martelli"]
[Date "2006.07.30"]
[Round "7"]
[White "Real de Azua, Ernesto"]
[Black "Prates, Fabiano"]
[Result "1-0"]
[WhiteElo "2378"]
[BlackElo "2274"]
[PlyCount "98"]
[EventDate "2006.07.24"]
[EventType "tourn"]
[EventRounds "11"]
[EventCountry "ARG"]

1. e4 e6 2. d4 d5 3. Nd2 Nf6 4. e5 Nfd7 5. Bd3 c5 6. c3 Nc6 7. Ne2 cxd4 8. cxd4
f5 9. Nf3 Be7 10. h4 Nf8 11. a3 a5 12. Be3 Bd7 13. Nc3 Ng6 14. g3 O-O 15. Ne2
Qb6 16. Rb1 a4 17. Kf1 Na5 18. Kg2 Rfc8 19. Bg5 h6 20. Bd2 Nb3 21. Bc3 Bb5 22.
Ne1 Bc4 23. Bxc4 Rxc4 24. Nd3 Qc6 25. Nb4 Qb5 26. Nc2 Rac8 27. Qd3 Qe8 28. Qf3
Qf7 29. Ne3 R4c7 30. h5 Nf8 31. g4 Bg5 32. gxf5 Bxe3 33. fxe3 Rxc3 34. Nxc3 Nd2
35. Qh3 Nxb1 36. Rxb1 exf5 37. Rf1 Qd7 38. Qxf5 Ne6 39. Qg4 Rc4 40. Qf3 Nxd4
41. exd4 Rxd4 42. Qf8+ Kh7 43. Qf5+ Qxf5 44. Rxf5 Kg8 45. e6 Rd2+ 46. Rf2 Rxf2+
47. Kxf2 d4 48. Nxa4 Kf8 49. Nc5 b6 1-0

[Event "ITT Vicente Lopez"]
[Site "Villa Martelli"]
[Date "2006.07.30"]
[Round "7"]
[White "Scarella, Enrique Alejandro"]
[Black "Needleman, Alejandro"]
[Result "1/2-1/2"]
[WhiteElo "2348"]
[BlackElo "2378"]
[PlyCount "108"]
[EventDate "2006.07.24"]
[EventType "tourn"]
[EventRounds "11"]
[EventCountry "ARG"]

1. Nf3 d6 2. e4 e5 3. d4 Qe7 4. Nc3 c6 5. a4 Nd7 6. Be2 h6 7. O-O g5 8. dxe5
dxe5 9. b3 Qf6 10. Bb2 Ne7 11. Qd2 Ng6 12. g3 Bc5 13. Nd1 Ndf8 14. Ne3 g4 15.
Ne1 h5 16. Rd1 Ne6 17. Nf5 Ng5 18. Nd6+ Kf8 19. Kg2 Nf3 20. Bxf3 gxf3+ 21. Kg1
h4 22. Nxc8 hxg3 23. Qd8+ Kg7 24. Qxf6+ Kxf6 25. Nxf3 gxf2+ 26. Kh1 Raxc8 27.
b4 Be7 28. Rxf2 Ke6 29. Bc3 Rh3 30. Be1 b5 31. axb5 cxb5 32. Ra1 f6 33. Ra6+
Kd7 34. Rxa7+ Ke8 35. c3 Rc4 36. Ra8+ Kd7 37. Ra7+ Kd8 38. Rb7 Rxe4 39. Rd2+
Ke8 40. Bg3 Rc4 41. Kg2 Rh5 42. Rxb5 Rxc3 43. Rb7 e4 44. Ne1 Rb3 45. Rd4 Rb2+
46. Kh1 f5 47. Rb5 Re2 48. Kg1 Nh4 49. Kf1 Nf3 50. Nxf3 exf3 51. Rf4 Rb2 52.
Rb8+ Kf7 53. Rb7 Kf8 54. Rxf3 Rxb4 1/2-1/2

[Event "ITT Vicente Lopez"]
[Site "Villa Martelli"]
[Date "2006.07.31"]
[Round "8"]
[White "Della Morte, German"]
[Black "Scarella, Enrique Alejandro"]
[Result "1-0"]
[WhiteElo "2275"]
[BlackElo "2348"]
[PlyCount "139"]
[EventDate "2006.07.24"]
[EventType "tourn"]
[EventRounds "11"]
[EventCountry "ARG"]

1. e4 c5 2. Nf3 g6 3. d4 Bg7 4. dxc5 Qa5+ 5. Nc3 Bxc3+ 6. bxc3 Nc6 7. Bd2 Qxc5
8. Bd3 Nf6 9. O-O d6 10. h3 O-O 11. Rb1 a6 12. a4 Rb8 13. Qe2 Bd7 14. Be3 Qh5
15. Rb6 d5 16. Bf4 dxe4 17. Bxe4 Nxe4 18. Bxb8 Nxc3 19. Qc4 Nd5 20. Rxb7 Na5
21. Qxa6 Nxb7 22. Qxb7 Bxa4 23. Be5 Nf6 24. Qxe7 Nd7 25. Bd6 Qf5 26. c4 Rc8 27.
Rc1 h6 28. c5 Qd5 29. Qh4 Bd1 30. Nh2 Qd2 31. Qf4 Qxf4 32. Bxf4 Ba4 33. Bd6 Kg7
34. Nf3 Bc6 35. Nd4 Kf6 36. Ra1 Bd5 37. Ra6 Bc4 38. Ra5 Ne5 39. Ra4 Bd5 40. f3
Nc6 41. Nb5 Nd8 42. Rf4+ Kg7 43. Rd4 Be6 44. Ra4 Bd7 45. Rb4 Bxb5 46. Rxb5 Nc6
47. Kf2 Kf6 48. Ke3 h5 49. Kd3 Ke6 50. Rb7 f6 51. Rh7 Ra8 52. Rh6 g5 53. Rxh5
Ra2 54. g4 Ra3+ 55. Kc4 Rxf3 56. Rh8 Ra3 57. Rh6 Rf3 58. Kb5 Kd5 59. Kb6 Nd4
60. Kc7 f5 61. Kd7 fxg4 62. hxg4 Rf7+ 63. Be7 Rg7 64. c6 Rxe7+ 65. Kxe7 Nxc6+
66. Rxc6 Kxc6 67. Kf6 Kd7 68. Kxg5 Ke7 69. Kg6 Kf8 70. Kh7 1-0

[Event "ITT Vicente Lopez"]
[Site "Villa Martelli"]
[Date "2006.07.31"]
[Round "8"]
[White "Granara Barreto, Sebastian A"]
[Black "De Dovitiis, Alejo"]
[Result "0-1"]
[WhiteElo "2273"]
[BlackElo "2371"]
[PlyCount "64"]
[EventDate "2006.07.24"]
[EventType "tourn"]
[EventRounds "11"]
[EventCountry "ARG"]

1. d4 Nf6 2. Bg5 e6 3. e4 c5 4. e5 h6 5. Bc1 Nd5 6. c4 Ne7 7. d5 d6 8. dxe6
Bxe6 9. Nf3 Nbc6 10. exd6 Nf5 11. d7+ Qxd7 12. Qxd7+ Kxd7 13. Bd3 Nb4 14. Ne5+
Kc7 15. Bxf5 Bxf5 16. O-O f6 17. Nf3 Nc2 18. Nc3 Nxa1 19. Bf4+ Kc6 20. Rxa1 Bd6
21. Bxd6 Kxd6 22. Rd1+ Kc6 23. b4 Rad8 24. Nd5 b6 25. Re1 Bg4 26. b5+ Kb7 27.
h3 Bc8 28. Re7+ Rd7 29. Re3 Kb8 30. Nh4 Rhd8 31. Nf5 Rxd5 32. cxd5 Bxf5 0-1

[Event "ITT Vicente Lopez"]
[Site "Villa Martelli"]
[Date "2006.07.31"]
[Round "8"]
[White "Needleman, Alejandro"]
[Black "Real de Azua, Ernesto"]
[Result "0-1"]
[WhiteElo "2378"]
[BlackElo "2378"]
[PlyCount "84"]
[EventDate "2006.07.24"]
[EventType "tourn"]
[EventRounds "11"]
[EventCountry "ARG"]

1. Nf3 Nf6 2. g3 d5 3. Bg2 c6 4. O-O Bg4 5. Ne5 Bf5 6. d4 Nbd7 7. c4 e6 8. cxd5
exd5 9. Bg5 Be7 10. Nc3 O-O 11. Nd3 h6 12. Bxf6 Nxf6 13. e3 Bd6 14. Na4 Qe7 15.
Nac5 h5 16. Qd2 h4 17. Rac1 g6 18. b4 a6 19. a4 hxg3 20. fxg3 Ng4 21. Bf3 Qxe3+
22. Qxe3 Nxe3 23. Rfe1 Nc4 24. g4 Bxd3 25. Nxd3 Rfe8 26. Kg2 b5 27. a5 Kg7 28.
h4 Rh8 29. h5 gxh5 30. gxh5 Kf6 31. Kf2 Rag8 32. Rg1 Rxg1 33. Rxg1 Re8 34. h6
Rh8 35. h7 Rxh7 36. Rg8 Rh2+ 37. Bg2 Rh4 38. Rc8 Rxd4 39. Ke2 Ne5 40. Nxe5 Kxe5
41. Re8+ Kf4 42. Ra8 Bxb4 0-1

[Event "ITT Vicente Lopez"]
[Site "Villa Martelli"]
[Date "2006.07.31"]
[Round "8"]
[White "Prates, Fabiano"]
[Black "Cubas, Jose Fernando"]
[Result "0-1"]
[WhiteElo "2274"]
[BlackElo "2421"]
[PlyCount "84"]
[EventDate "2006.07.24"]
[EventType "tourn"]
[EventRounds "11"]
[EventCountry "ARG"]

1. e4 e6 2. Nf3 d5 3. e5 c5 4. c3 Nc6 5. Na3 g5 6. h3 f5 7. exf6 Qxf6 8. d4 h6
9. Be2 Bd7 10. Nc2 cxd4 11. cxd4 Bd6 12. O-O Nge7 13. b3 O-O 14. Bb2 Ng6 15. g3
Rf7 16. Nh2 Raf8 17. Ne3 Qg7 18. Bh5 Be8 19. Qe2 Re7 20. Rad1 Nh8 21. Kg2 Bg6
22. Bxg6 Qxg6 23. Nhg4 Nf7 24. Nc2 Qg7 25. Rd3 h5 26. Nh2 Qg6 27. Nf3 Rfe8 28.
Re3 Nh6 29. Ne5 Bxe5 30. dxe5 Nf5 31. Rd3 Rc7 32. Rd2 Rec8 33. Ne3 Nce7 34. Ba3
Nxe3+ 35. Qxe3 Nf5 36. Qe2 Kh8 37. Kh2 g4 38. Rh1 Rc3 39. Kg2 Nh4+ 40. Kf1 Nf3
41. Rd1 Kg8 42. h4 Rc2 0-1

[Event "ITT Vicente Lopez"]
[Site "Villa Martelli"]
[Date "2006.07.31"]
[Round "8"]
[White "Shcherbine, Andrei"]
[Black "COMP ZAP!Chess"]
[Result "0-1"]
[WhiteElo "2261"]
[BlackElo "2600"]
[PlyCount "46"]
[EventDate "2006.07.24"]
[EventType "tourn"]
[EventRounds "11"]
[EventCountry "ARG"]

1. Nf3 Nf6 2. g3 g6 3. Bg2 Bg7 4. O-O O-O 5. d4 d5 6. Nbd2 c6 7. c3 Nbd7 8. a4
Re8 9. a5 e5 10. Nxe5 Nxe5 11. dxe5 Rxe5 12. Nf3 Re8 13. Bf4 Qe7 14. Re1 Ne4
15. Nd4 a6 16. Bxe4 dxe4 17. b4 Bh3 18. Be3 Rad8 19. Qb3 Rd5 20. b5 Bxd4 21.
Bxd4 e3 22. f3 Rxb5 23. Qa2 Rg5 0-1

[Event "ITT Vicente Lopez"]
[Site "Villa Martelli"]
[Date "2006.08.01"]
[Round "9"]
[White "COMP ZAP!Chess"]
[Black "Prates, Fabiano"]
[Result "1-0"]
[WhiteElo "2600"]
[BlackElo "2274"]
[PlyCount "109"]
[EventDate "2006.07.24"]
[EventType "tourn"]
[EventRounds "11"]
[EventCountry "ARG"]

1. d4 Nf6 2. c4 d6 3. Nc3 Nbd7 4. Nf3 e5 5. e4 Be7 6. Be2 c6 7. O-O O-O 8. Qc2
Qc7 9. Rd1 Re8 10. Bg5 h6 11. Bd2 Nf8 12. Rac1 Bg4 13. Be3 a5 14. d5 c5 15. h3
Bxf3 16. Bxf3 N6h7 17. Nb5 Qb6 18. Bg4 Bg5 19. Bxg5 Nxg5 20. Bf5 g6 21. h4 Ngh7
22. Bh3 Kg7 23. Qe2 Qd8 24. Rc3 Qe7 25. Rg3 Red8 26. h5 g5 27. Na3 Nd7 28. Nc2
Nhf6 29. Ne3 Qf8 30. Bxd7 Rxd7 31. Qf3 Ng8 32. Qg4 Rad8 33. Rd3 b6 34. Nf5+ Kh7
35. Rb3 Rb7 36. Rb5 Nf6 37. Qe2 Ne8 38. a4 Ng7 39. Rgb3 Rdb8 40. Ne3 f6 41. Qf3
Qf7 42. Ng4 Ne8 43. Qf5+ Kg7 44. Rh3 Nc7 45. Rbb3 Ne8 46. Rbf3 Rc7 47. Kf1 Rcb7
48. Ke2 Rc7 49. Qg6+ Qxg6 50. hxg6 Kxg6 51. Rxh6+ Kg7 52. Rfh3 Rbb7 53. Rh7+
Kf8 54. Rh8+ Kf7 55. Nh6+ 1-0

[Event "ITT Vicente Lopez"]
[Site "Villa Martelli"]
[Date "2006.08.01"]
[Round "9"]
[White "Cubas, Jose Fernando"]
[Black "Needleman, Alejandro"]
[Result "1-0"]
[WhiteElo "2421"]
[BlackElo "2378"]
[PlyCount "127"]
[EventDate "2006.07.24"]
[EventType "tourn"]
[EventRounds "11"]
[EventCountry "ARG"]

1. e4 c5 2. Nf3 e6 3. d4 cxd4 4. Nxd4 Nc6 5. Nc3 Qc7 6. Be3 a6 7. Bd3 Nf6 8.
O-O Nxd4 9. Bxd4 Bc5 10. Bxc5 Qxc5 11. Na4 Qc7 12. c4 d6 13. Rc1 e5 14. c5 O-O
15. Qb3 Be6 16. Bc4 Bxc4 17. Rxc4 dxc5 18. Rxc5 Qe7 19. Rfc1 Nxe4 20. Rc7 Qf6
21. Qe3 Ng5 22. Rxb7 Rac8 23. Nc3 Rfd8 24. Re1 h6 25. Rb6 Qf5 26. h4 Ne6 27.
Qxe5 Qxe5 28. Rxe5 Nc5 29. Rd5 Nd3 30. Rxd8+ Rxd8 31. Rxa6 Nxb2 32. a4 Rc8 33.
Nb5 Rc1+ 34. Kh2 Rc4 35. Ra8+ Kh7 36. a5 Rxh4+ 37. Kg1 Ra4 38. a6 Ra1+ 39. Kh2
Ra5 40. Nd6 Nd3 41. a7 Nxf2 42. Nc8 Ra3 43. g3 Ng4+ 44. Kg1 Ra1+ 45. Kg2 Ra2+
46. Kf1 Ra1+ 47. Ke2 Ra2+ 48. Kd1 Nf2+ 49. Kc1 Ne4 50. g4 Nf2 51. Rb8 Nxg4 52.
a8=Q Rxa8 53. Rxa8 h5 54. Kd2 g5 55. Kd3 f6 56. Ne7 h4 57. Ke4 h3 58. Kf3 Ne5+
59. Kg3 g4 60. Ra6 Kg7 61. Nd5 f5 62. Ne3 f4+ 63. Kxf4 h2 64. Nf5+ 1-0

[Event "ITT Vicente Lopez"]
[Site "Villa Martelli"]
[Date "2006.08.01"]
[Round "9"]
[White "Ripari, Marcelo"]
[Black "Shcherbine, Andrei"]
[Result "1-0"]
[WhiteElo "2341"]
[BlackElo "2261"]
[PlyCount "71"]
[EventDate "2006.07.24"]
[EventType "tourn"]
[EventRounds "11"]
[EventCountry "ARG"]

1. e4 Nf6 2. e5 Nd5 3. d4 d6 4. Nf3 g6 5. c4 Nb6 6. exd6 cxd6 7. Be3 Bg7 8. h3
O-O 9. Nc3 Nc6 10. Rc1 f5 11. d5 Ne5 12. Nxe5 Bxe5 13. f4 Bf6 14. Kf2 e5 15.
dxe6 Bxe6 16. b3 Kg7 17. Nb5 d5 18. c5 Nd7 19. Qd2 Rc8 20. b4 a5 21. Nd6 Rc7
22. Nb5 Rc8 23. a3 axb4 24. axb4 Nb8 25. Nd4 Bd7 26. Be2 Nc6 27. Nb5 Ra8 28.
Rhd1 Ra4 29. Rb1 Be6 30. Nd4 Bf7 31. Bb5 Ra3 32. Bxc6 bxc6 33. Nxc6 Qa8 34. Ne5
g5 35. Bd4 Bh5 36. fxg5 1-0

[Event "ITT Vicente Lopez"]
[Site "Villa Martelli"]
[Date "2006.08.01"]
[Round "9"]
[White "Scarella, Enrique Alejandro"]
[Black "Granara Barreto, Sebastian A"]
[Result "1/2-1/2"]
[WhiteElo "2348"]
[BlackElo "2273"]
[PlyCount "20"]
[EventDate "2006.07.24"]
[EventType "tourn"]
[EventRounds "11"]
[EventCountry "ARG"]

1. d4 Nf6 2. Nf3 g6 3. Bg5 Bg7 4. Nbd2 d6 5. e4 O-O 6. c3 Nc6 7. Be2 e5 8. dxe5
Nxe5 9. Nxe5 dxe5 10. O-O c6 1/2-1/2

[Event "ITT Vicente Lopez"]
[Site "Villa Martelli"]
[Date "2006.08.02"]
[Round "10"]
[White "De Dovitiis, Alejo"]
[Black "Scarella, Enrique Alejandro"]
[Result "1/2-1/2"]
[WhiteElo "2371"]
[BlackElo "2348"]
[PlyCount "21"]
[EventDate "2006.07.24"]
[EventType "tourn"]
[EventRounds "11"]
[EventCountry "ARG"]

1. d4 Nf6 2. c4 g6 3. Nc3 Bg7 4. e4 d6 5. f3 O-O 6. Be3 e5 7. d5 Nh5 8. Qd2
Qh4+ 9. Bf2 Qf4 10. Be3 Qh4+ 11. Bf2 1/2-1/2

[Event "ITT Vicente Lopez"]
[Site "Villa Martelli"]
[Date "2006.08.02"]
[Round "10"]
[White "Della Morte, German"]
[Black "Cubas, Jose Fernando"]
[Result "1-0"]
[WhiteElo "2275"]
[BlackElo "2421"]
[PlyCount "155"]
[EventDate "2006.07.24"]
[EventType "tourn"]
[EventRounds "11"]
[EventCountry "ARG"]

1. e4 c5 2. Nf3 e6 3. d4 cxd4 4. Nxd4 a6 5. Bd3 g6 6. c4 Bg7 7. Nb3 b6 8. O-O
Ne7 9. Nc3 O-O 10. Bf4 d6 11. Qd2 Ra7 12. Be2 Rd7 13. Rad1 Bb7 14. Bh6 d5 15.
Bxg7 Kxg7 16. cxd5 exd5 17. Qd4+ Kg8 18. Na4 Nc8 19. Bg4 f5 20. exf5 Nc6 21.
Qe3 Re7 22. Qg3 Ne5 23. fxg6 Nxg4 24. Qxg4 Re4 25. gxh7+ Kh8 26. Qxe4 dxe4 27.
Rxd8 Rxd8 28. Nc3 Rd7 29. Rd1 Rg7 30. Nd5 Kxh7 31. Ne3 Na7 32. Nd4 Nc6 33. Nxc6
Bxc6 34. Rd6 Rc7 35. h4 b5 36. Kh2 a5 37. Kg3 a4 38. h5 b4 39. Rd4 Rb7 40. Rc4
Be8 41. Kh4 Bf7 42. Rxe4 Bxa2 43. Nc2 a3 44. Nxa3 bxa3 45. bxa3 Rb2 46. Rf4 Bd5
47. g4 Ra2 48. a4 Bb3 49. Rb4 Bd1 50. f4 Rxa4 51. Rb7+ Kg8 52. Rb1 Be2 53. Re1
Bf3 54. Kg3 Bc6 55. Re3 Bd7 56. Rd3 Bb5 57. Rd5 Bc6 58. Rc5 Bb7 59. Rc7 Bd5 60.
Rc3 Rb4 61. f5 Bf7 62. Kh4 Kg7 63. Kg5 Bc4 64. Re3 Bb3 65. Rd3 Ba4 66. h6+ Kh7
67. Rd8 Bc6 68. Rd3 Bb5 69. Re3 Ba4 70. Re1 Rd4 71. Re7+ Kg8 72. h7+ Kh8 73. f6
Bb3 74. Kh6 Rd8 75. g5 Bc2 76. g6 Bxg6 77. Kxg6 Ra8 78. Re6 1-0